Responses for Show #3159 - Thursday, April 30, 1998

1998 Celebrity Invitational game 4.

Contestants

[<< previous game]

Stephen King, from The Night Flyer

Robin Quivers, from The Howard Stern Show

Regis Philbin, from Live with Regis and Kathie Lee

[next game >>]

Jeopardy! Round responses

STATES OF THE UNION
PUMP YOU UP
(Alex: In honor of one of our guests...)
KINGS
MOVIE DEBUTS
IT'S ALL RELATIVE
(Alex: In honor of another of our guests...)
"BRAIN" SURGERY
    $100 1
Idaho

Stephen
    $100 3
Steroids

Stephen
    $100 15
France

Robin
    $100 2
Pierce Brosnan

Robin
    $100 26
[The end-of-round signal sounds.]
(Regis: And all I have is $100?)
(Alex: Stephen leads at the end of the round... darn that third lectern position!)

a sister

Stephen
    $100 9
"If I Only Had a Brain"

Robin
    $200 5
Virginia

Regis
    $200 14
Miss Olympia

Robin
    $200 16
Madrid

Stephen
    $200 4
Anne Frank

Regis
    $200 10
Brainwashing

Stephen
    $300 6
California

Regis
    $300 17
(Regis: What is creatine?)

Calories

RegisRobin
    $300 23
(Regis: What is Siam?)

Thailand

RegisRobin
    $300 11
Jeanette MacDonald

Stephen
    $300 20
The Man with Two Brains

Stephen
    $400 7
1876

Robin
    $400 18
The Incredible Hulk

Robin
    $400 24
George III

Robin
    $400 12
(Stephen: What is "The Dick Van Dyke Show?")

Bye Bye Birdie

Stephen
    $400 21
Brain drain

Stephen
    $500 8
(Regis: What is Hawaii?)

Alaska

RegisStephen
    $500 19
(Alex: And we have about a minute to go...)

Nautilus

Stephen
    $500 25
Charles II

Triple Stumper
    $500 13
George Gershwin

Regis
    $500 22
Brainiac

Stephen

Scores at the first commercial break (after clue 12):

Regis Robin Stephen
$200 $600 $800

Scores at the end of the Jeopardy! Round:

Regis Robin Stephen
$100 $2,300 $2,800

Double Jeopardy! Round responses

TOUGH HISTORY
(Alex: Here's one for you, Robin...)
PRIVATE PARTS
PINPOINTS ON THE MAP
"DAY" & "NIGHT"!
CASTLE
ROCK
    $200 19
Winston Churchill

Regis
    $200 4
Kidneys

Stephen
    $200 1
Green Bay

Regis
    $200 9
Daylight saving time

Stephen
    $200 24
(Alex: And we have about a minute to go...)

Sleeping Beauty

Stephen
    $200 5
The Who

Stephen
    $400 20
(Stephen: Who is Magellan?)

Christopher Columbus

Stephen
Triple Stumper
    $400 15
Ovaries

Robin
    $400 2
Laughlin

Triple Stumper
    $400 10
Night Court

Robin
    $400 25
The Air

Stephen
    $400 6
Money

Robin
    $600 21
Joan of Arc

Robin
    $1,000 16
Arteries

Robin
    $600 3
Martha's Vineyard

Stephen
    $600 11
Daniel Day-Lewis

Regis
    $1,000 26
(Stephen: What is "Anna and the King of Siam?")

Camelot

Stephen
    $600 7
Sting

Robin
    $800 23
Peter the Great

Stephen
    $800 17
Liver

Robin
    $800 22
New York

Stephen
    $800 12
(Regis: What is "The Poseidon?")

"A Night to Remember"

RegisStephen
    $800 8
Toni Braxton

Regis
    $1000 28
[The end-of-round signal sounds.]

Francisco Franco

Regis
    $1000 18
Pancreas

Robin
    $1000 27
Tennessee

Regis
    $1000 14
Seize the day

Stephen
    $1000 13
"Let's Stay Together"

Stephen

Scores at the end of the Double Jeopardy! Round:

Regis Robin Stephen
$3,100 $7,500 $7,600

[wagering suggestions for these scores]

Final Jeopardy! Round responses

THE 1998 TOURNAMENT OF ROSES PARADE
RegisWhat is Heinz?
$1,100
RobinWhat is Heinz
$7,000
StephenWhat is the Heinz company?
$4,500
H.J. Heinz

Final scores:

Regis Robin Stephen
$4,200 $14,500 $12,100
3rd place: $10,000 for the Ara Parseghian Medical Research Foundation Winner: $15,000 for the Child Abuse Prevention Program 2nd place: $12,100 for the Bangor YMCA

Game dynamics:

Coryat scores:

Regis Robin Stephen
$3,100 $7,100 $9,000
10 R,
4 W
17 R
(including 1 DD),
0 W
22 R,
3 W
(including 2 DDs)

Combined Coryat: $19,200

[game clues] [game scores] [suggest correction]

Game tape date: Unknown
The J! Archive is created by fans, for fans. Scraping, republication, monetization, and malicious use prohibited; this site may use cookies and collect identifying information. See terms. The Jeopardy! game show and all elements thereof, including but not limited to copyright and trademark thereto, are the property of Jeopardy Productions, Inc. and are protected under law. This website is not affiliated with, sponsored by, or operated by Jeopardy Productions, Inc. Join the discussion at JBoard.tv.